00485nam a2200193 a 4500001001300000003000900013005001700022008004100039020001000080082001600090100002200106245001900128260003200147300000800179500003500187505002700222650002000249700002200269nice12345678IN_TiNIC20260116011540.0050524s1297 lona grp 000 0 per  ac10000a297.82bAQA aAqasi, Maji Mirza aAqaidul Shiah. aLondon bNo Publisherc1297 a00p aincludes index and biblioraphy2 a3 vols. bound together aShiah-Doctrines1 aAqasi, Maji Mirza